Food quality during processing in logistic chain

Elmentve itt :
Bibliográfiai részletek
Szerző: Gál József
Dokumentumtípus: Cikk
Megjelent: 2009
Sorozat:Jelenkori társadalmi és gazdasági folyamatok 4 No. 1
Kulcsszavak:Természettudomány, Mérnöki tudományok
Online Access:http://acta.bibl.u-szeged.hu/11592
LEADER 00657nab a2200181 i 4500
001 acta11592
005 20210126140008.0
008 161015s2009 hu o 0|| eng d
022 |a 1788-7593 
040 |a SZTE Egyetemi Kiadványok Repozitórium  |b hun 
041 |a eng 
100 1 |a Gál József 
245 1 0 |a Food quality during processing in logistic chain  |h [elektronikus dokumentum] /  |c  Gál József 
260 |c 2009 
300 |a 135-138 
490 0 |a Jelenkori társadalmi és gazdasági folyamatok  |v 4 No. 1 
695 |a Természettudomány, Mérnöki tudományok 
856 4 0 |u http://acta.bibl.u-szeged.hu/11592/1/jelenkori_004_001_135-138.pdf  |z Dokumentum-elérés